00222nam a2200085Ia 4500008004100000100001800041245003500059260003300094260000900127170620s9999 xx 000 0 und d aMisra- Bhawna 4aThe Theory of Teacher Training bNew Delhi- Mohit Publication c2006